<?xml version="1.0" encoding="UTF-8"?><?xml-stylesheet type="text/xsl" href="static/style.xsl"?><OAI-PMH xmlns="http://www.openarchives.org/OAI/2.0/" xmlns:xsi="http://www.w3.org/2001/XMLSchema-instance" xsi:schemaLocation="http://www.openarchives.org/OAI/2.0/ http://www.openarchives.org/OAI/2.0/OAI-PMH.xsd"><responseDate>2026-04-18T21:38:08Z</responseDate><request verb="GetRecord" identifier="oai:riubu.ubu.es:10259/6441" metadataPrefix="marc">https://riubu.ubu.es/oai/request</request><GetRecord><record><header><identifier>oai:riubu.ubu.es:10259/6441</identifier><datestamp>2022-12-02T01:05:47Z</datestamp><setSpec>com_10259_4244</setSpec><setSpec>com_10259_5086</setSpec><setSpec>com_10259_2604</setSpec><setSpec>col_10259_4245</setSpec></header><metadata><record xmlns="http://www.loc.gov/MARC21/slim" xmlns:doc="http://www.lyncode.com/xoai" xmlns:xsi="http://www.w3.org/2001/XMLSchema-instance" xmlns:dcterms="http://purl.org/dc/terms/" xsi:schemaLocation="http://www.loc.gov/MARC21/slim http://www.loc.gov/standards/marcxml/schema/MARC21slim.xsd">
<leader>00925njm 22002777a 4500</leader>
<datafield tag="042" ind1=" " ind2=" ">
<subfield code="a">dc</subfield>
</datafield>
<datafield tag="720" ind1=" " ind2=" ">
<subfield code="a">Benito Román, Oscar</subfield>
<subfield code="e">author</subfield>
</datafield>
<datafield tag="720" ind1=" " ind2=" ">
<subfield code="a">Alonso Riaño, Patricia</subfield>
<subfield code="e">author</subfield>
</datafield>
<datafield tag="720" ind1=" " ind2=" ">
<subfield code="a">Díaz de Cerio Alonso de Mezquía, Elixabet</subfield>
<subfield code="e">author</subfield>
</datafield>
<datafield tag="720" ind1=" " ind2=" ">
<subfield code="a">Sanz Díez, Mª Teresa</subfield>
<subfield code="e">author</subfield>
</datafield>
<datafield tag="720" ind1=" " ind2=" ">
<subfield code="a">Beltrán Calvo, Sagrario</subfield>
<subfield code="e">author</subfield>
</datafield>
<datafield tag="260" ind1=" " ind2=" ">
<subfield code="c">2022-06</subfield>
</datafield>
<datafield tag="520" ind1=" " ind2=" ">
<subfield code="a">The semi-continuous hydrolysis of onion skin wastes (OSW) using subcritical water (SubW; working conditions: 105-180 ºC; 5 MPa; 2.5 mL/min) has been studied in this work. Liquids after hydrolysis showed a sharp increase in total organic carbon (>30 mg/g OSW) at temperatures above 145 ºC, when SubW began to promote the partial hydrolysis of the structural components of OSW. Among them, pectin was one of main components recovered (extraction yield up to 9% at 145 ºC), whereas cellulose was barely hydrolyzed in the range of temperatures studied. The composition of pectin demonstrated that SubW promoted the recovery of the valuable RG-I (21.1±1.1 mol %) regions compared to acid water extraction processes (10.8±0.9 mol %). The control of the hydrolysis conditions was found to be critical, since high temperatures and long hydrolysis times led to the formation of organic acids (acetic, formic and levulinic) and degradation products such as furfural (up to 0.8 mg/g OSW) from the C5 sugars. Finally, the High Heating Value (HHV) calculated for the solid residue obtained at 180 ºC (16.4±0.2 MJ/kg) indicated the potential use of this residue as a fuel, once the valuable compounds (phenolics and pectins) have been recovered.</subfield>
</datafield>
<datafield tag="024" ind2=" " ind1="8">
<subfield code="a">2213-3437</subfield>
</datafield>
<datafield tag="024" ind2=" " ind1="8">
<subfield code="a">http://hdl.handle.net/10259/6441</subfield>
</datafield>
<datafield tag="024" ind2=" " ind1="8">
<subfield code="a">10.1016/j.jece.2022.107439</subfield>
</datafield>
<datafield ind1=" " ind2=" " tag="653">
<subfield code="a">Onion</subfield>
</datafield>
<datafield ind1=" " ind2=" " tag="653">
<subfield code="a">Subcritical water</subfield>
</datafield>
<datafield ind1=" " ind2=" " tag="653">
<subfield code="a">Pectin</subfield>
</datafield>
<datafield ind1=" " ind2=" " tag="653">
<subfield code="a">Hydrolysis</subfield>
</datafield>
<datafield ind1=" " ind2=" " tag="653">
<subfield code="a">Biomass</subfield>
</datafield>
<datafield ind1=" " ind2=" " tag="653">
<subfield code="a">RG-I</subfield>
</datafield>
<datafield tag="245" ind1="0" ind2="0">
<subfield code="a">Semi-continuous hydrolysis of onion skin wastes with subcritical water: pectin recovery and oligomers identification</subfield>
</datafield>
</record></metadata></record></GetRecord></OAI-PMH>